Traditions & encounters : a brief global history

Traditions & Encounters: A Brief Global History, the highly-anticipated concise version of Bentley and Ziegler's best-selling survey text, provides a streamlined account of the cultures and interactions that have shaped world history. With an engaging narrative, strong thematic approach, vi...

Cijeli opis

Spremljeno u:
Bibliografski detalji
Glavni autor: Bentley, Jerry H.
Format: Knjiga
Jezik:Undetermined
Izdano: Boston McGraw Hill Higher Education 2006
Teme:
Oznake: Dodaj oznaku
Bez oznaka, Budi prvi tko označuje ovaj zapis!
Thư viện lưu trữ: Trung tâm Học liệu Trường Đại học Cần Thơ
LEADER 01184nam a2200229Ia 4500
001 CTU_166233
008 210402s9999 xx 000 0 und d
020 |c 95.16 
082 |a 909 
082 |b B477 
100 |a Bentley, Jerry H. 
245 0 |a Traditions & encounters : 
245 2 |b a brief global history 
245 0 |c by Jerry H. Bentley, Herbert F. Ziegler, Heather E. Streets 
260 |a Boston 
260 |b McGraw Hill Higher Education 
260 |c 2006 
520 |a Traditions & Encounters: A Brief Global History, the highly-anticipated concise version of Bentley and Ziegler's best-selling survey text, provides a streamlined account of the cultures and interactions that have shaped world history. With an engaging narrative, strong thematic approach, visual appeal, and solid pedagogy, it offers enhanced flexibility and affordability without sacrificing the features that have made the complete text a favorite among instructors and students alike 
650 |a Intercultural communication,Lịch sử thế giới,World history 
650 |x History,Giáo trình 
910 |a Nguyên 
980 |a Trung tâm Học liệu Trường Đại học Cần Thơ